The analects : (Lun yu)
The classic collection of conversations and sayings by the ancient Chinese philosopher Confucius, containing his teachings on ethics, politics, and religion
Αποθηκεύτηκε σε:
| Κύριος συγγραφέας: | |
|---|---|
| Μορφή: | Βιβλίο |
| Γλώσσα: | Undetermined |
| Έκδοση: |
Harmondsworth
Penguin Books
1979
|
| Θέματα: | |
| Ετικέτες: |
Προσθήκη ετικέτας
Δεν υπάρχουν, Καταχωρήστε ετικέτα πρώτοι!
|
| Thư viện lưu trữ: | Trung tâm Học liệu Trường Đại học Cần Thơ |
|---|
| LEADER | 00749nam a2200217Ia 4500 | ||
|---|---|---|---|
| 001 | CTU_217535 | ||
| 008 | 210402s9999 xx 000 0 und d | ||
| 082 | |a 181.11 | ||
| 082 | |b C748 | ||
| 100 | |a Confucius | ||
| 245 | 4 | |a The analects : | |
| 245 | 0 | |b (Lun yu) | |
| 245 | 0 | |c Confucius ; translated with an introduction by D. C. Lau | |
| 260 | |a Harmondsworth | ||
| 260 | |b Penguin Books | ||
| 260 | |c 1979 | ||
| 520 | |a The classic collection of conversations and sayings by the ancient Chinese philosopher Confucius, containing his teachings on ethics, politics, and religion | ||
| 650 | |a Philosophy,Triết học | ||
| 650 | |z Chinese,Trung Quốc | ||
| 904 | |i Tien, Trúc | ||
| 980 | |a Trung tâm Học liệu Trường Đại học Cần Thơ | ||